British TV Shows - Statistics

General Stats
  • This quiz has been taken 386 times
  • The average score is 11 of 15
Answer Stats
Hint Answer % Correct
Time lord with a Tardis Doctor Who
96%
Community set on the 'cobbles' Coronation Street
90%
Simon Cowell's Talent Show Britain's Got Talent
87%
Letters, numbers, 30 second clock Countdown
86%
People watching other TV shows on their own TV Gogglebox
86%
Yorkshire based soap Emmerdale
84%
Children's television show, CBBC, Badge, Aired in 1958 Blue Peter
78%
Five strangers, ultimate dinner party, Score ratings, £1000 prize Come Dine With Me
68%
Working class family sitcom based on the sofa The Royle Family
66%
This time next year we'll be millionaires Only Fools and Horses
62%
Crawley family, Georgian country house Downton Abbey
61%
Dartboard, BFH - Bus Fare Home Bullseye
57%
Coin pusher arcade style machine Tipping Point
57%
40 teams battle it out over the series with robots Robot Wars
54%
Don't watch the adverts, win them! Saturday Night Takeaway
53%
No matching quizzes found
Score Distribution
Percent of People with Each Score
Percentile by Number Answered
Your Score History
You have not taken this quiz